Literature General Knowledge - Statistics

General Stats
  • This quiz has been taken 896 times
    879 since last reset
  • The average score is 8 of 21
Answer Stats
Question Answer % Correct
How many ghosts visit Ebenezer Scrooge in Charles Dickens' "A Christmas Carol"? 4
83%
What profession does Atticus Finch hold in Harper Lee's "To Kill A Mockingbird" Lawyer
83%
What is the name of the human boy from A.A. Milne's "Winnie-the-Pooh"? Christopher Robin
80%
In the final act of "Macbeth" by William Shakespeare, what does Lady Macbeth hallucinate all over her hands? Blood
79%
What type of whale is Moby Dick in the Herman Melville classic? Sperm Whale
50%
Who died while giving birth to a stillborn girl on Christmas day 1952 in a Vladamir Nobokov novel? Lolita
49%
Who fought a group of men in England led by Professor Abraham Van Helsing? Dracula
38%
What prequel was oringally titled, "There and Back Again"? The Hobbit
38%
In which Stephen King novel is a mother and her son trapped in a car by a rabid dog? Cujo
35%
Who killed Patroclus by stabbing him in the stomach with a spear in "The Illiad"? Hector
34%
What novel following Catherine Earnshaw and her lover was published under the pseudonum Ellis Bell? Wuthering Heights
34%
What is the name of the youngest Bennet sister from in "Pride and Prejudice" by Jane Austen? Lydia
32%
Who has been played by Leonardo DiCaprio, Orlando Bloom and Douglas Booth? Romeo Montague
28%
Who narrates the 2005 bestseller, "The Book Thief" by Markus Zusak? Death
26%
What 1930s dystopian novel links characters, Bernard Marx, Helmholtz Watson and John the Savage? Brave New World
24%
In "Of Mice and Men" by John Steinbeck, whose wife is killed by Lennie? Curley's
21%
What is the name of the horse from George Orwell's "Animal Farm"? Mollie, Boxer or Clover
21%
In "The Portrait of the Artist as a Young Man" by James Joyce, Stephen nearly receives a beating by the Jesuits for breaking what item to avoid studying? Glasses
10%
What is H.G. Wells full name? Herbert George Wells
10%
What novel ends with the line: "He was soon borne away by the waves, and lost in darkness and distance"? Frankenstein
5%
According to Dante, perpetrators of what sin are found in the seventh circle of Hell? Violence
2%
No matching quizzes found
Score Distribution
Percent of People with Each Score
Percentile by Number Answered
Your Score History
You have not taken this quiz since the last reset